000 00658nam a2200217Ia 4500
003 OSt
005 20251217122607.0
008 220917b |||||||| |||| 00| 0 eng d
037 _cTB
040 _aARTS
_cARTS
_beng
041 _2eng
_aeng
084 _aQ24:31 N0
_qAL
100 _aMani, V. R.
_953892
245 0 _aSons of Siva :
_b a study in the religious cults of Ganesa and Karttikeya
260 _aDelhi, India:
_bSharada Prak,
_c1990.
300 _a96+20p. Plates
_ccm.
500 _aBib 89-92p; Includes index
650 _aRELIGION
_9857317
942 _hQ24-26 N0 (P15)
_cTB
_2CC
_n0
999 _c157427
_d157427